000 00652nmm a2200205Ia 4500
008 251105s9999||||xx |||||||||||||||||und||
020 _a9788417556006
041 _aspa
100 _aCabot, Mateu
245 0 _aTecnología, violencia, memoria: diagnósticos críticos de la cultura contemporánea
264 _a[Madrid, España] :
_bAnthropos,
_c2018
300 _a272 páginas
490 _aPensamiento crítico / Pensamiento utópico
650 _aCultural Studies
700 _aCabot, Mateu
700 1 _a Lastória, Luiz
700 1 _a Zuin, Antônio (coords.)
856 _uhttps://public.digitaliapublishing.com/a/60395
942 _cCF
999 _c63267
_d63267